The Rosetta stone : the story of the decoding of hieroglyphics /

محفوظ في:

المؤلف الرئيسي: Solé, Robert (مؤلف)

مؤلفون آخرون: Rendall, Steven., Valbelle, Dominique.

التنسيق: كتاب

اللغة: English
Arabic
French

منشور في: New York : Four Walls Eight Windows, 2002.

الطبعة: 1st American ed.

الموضوعات:

الوسوم: إضافة وسم

لا توجد وسوم, كن أول من يضع وسما على هذه التسجيلة!

رقم الطلب: PJ1531 .R5 S6513

LEADER 01043nam a22003137a 4500
003 OSt
005 20251020112523.0
008 251020t2002 nyuab g b 001 0 eng d
010 |a 2002021510 
020 |a 1568582269 
040 |c ARCE Library 
041 1 |a ara  |h fre 
043 |a f-ua--- 
050 1 4 |a PJ1531 .R5  |b S6513 
100 1 |a Solé, Robert,  |e author 
240 1 0 |a Pierre de Rosette.  |l English 
245 1 4 |a The Rosetta stone :   |b the story of the decoding of hieroglyphics /   |c Robert Solè and Dominique Valbelle ; translated by Steven Rendall. 
250 |a 1st American ed. 
264 1 |a New York :   |b Four Walls Eight Windows,   |c 2002. 
300 |a 184 pages :   |b illustrations, maps ;   |c 22 cm. 
500 |a Translation of : Pierre de Rosette. 
504 |a Includes bibliographical references and index. 
630 0 0 |a Rosetta stone.  
650 0 |a Egyptian language  |x Writing, Hieroglyphic. 
700 1 |a Rendall, Steven.  |9 38352 
700 1 |a Valbelle, Dominique. 
901 |a reviewed 
942 |c BK  |2 lcc 
999 |c 11588  |d 11588